03127nam a2200457 i 450000100060000000300080000600500170001400600190003100700150005000800410006502000280010602000180013403500220015204000310017405000250020508000110023008200160024110000360025724500990029324600500039226400740044230000580051633600290057433700330060333800390063650400620067550507690073752006400150658800830214665000350222965000480226465000250231265000580233765000250239565000310242065000440245165000300249565000540252565500270257985600630260693536FINmELB20241217172216.0m o d | cr cnu||||||||191028s2016 co a ob 000 0 spa d a9789585414778q(e-book) z9789588743899 a(OCoLC)1129932107 aFINmELBbspaerdacFINmELB14aNX650.H74bA282 2016 a7(862)04a709.8612231 aAgudelo, Pedro Antonio,eautor.10aCuerpo (en)marcado :bensayos sobre arte colombiano contemporáneo /cPedro Agudelo Rendón.30aEnsayos sobre arte colombiano contemporáneo 1aMedellín, Colombia :bInstituto Tecnológico Metropolitano,c2016. a1 recurso en línea (247 páginas) :bilustraciones atextobtxt2rdamedia/spa acomputadorabc2rdamedia/spa arecurso en línea2rdacarrier/spa aIncluye referencias bibliográficas (páginas 235-245).8 aNota de presentación / Leonardo Hincajié -- Prólogo -- Primera parte -- Capítulo 1. De Frankenstein a la Barbie viviente -- El cuerpo como presencia y ausencia de la materia -- Capítulo 2. Presencia e imagen -- Cuerpo en el arte colombiano contemporáneo -- Segunda parte -- Capítulo 3. Cuerpo enmarcado -- La pintura desgarrada -- Capítulo 4. La fugacidad del cuerpo erótico -- el retrato sin rostro -- Capítulo 5. Cuerpo fragmentado -- La fragilidad de la imagen -- Capítulo 6. De cuerpo presente -- El carácter simbólico de la materia -- Capítulo 7. Cuerposoporte -- Acciones poéticas de resistencia -- Capítulo 8. La corporeidad como lugar estratégico -- Los espacios de la cultura, la sexualidad y la resistencia -- Epílogo. aThis text discusses artistic practices, changes in perspective and their implications on the representation and presentation of human body, in order to expand the comprehension of the history of art in Colombia. Likewise, this text analyzes the topic of human body within the work of some of the most important artists in our country, and it reviews the relationships among human body and tradition, erotism, image, materiality, instincts and culture, in order to reshape the definition of image and the poetics of behavior, and to define the role played by culture in the artistic practices that use the human body as a central topic. aDescripción basada en metadatos suministrados por el editor y otras fuentes. 0aArts, Colombiany20th century. 0aArt, Moderny20th centuryxThemes, motives. 0aHuman figure in art. 0aArt, ModernzColombiay20th centuryxThemes, motives. 0aHuman figure in art. 4aArte colombianoySiglo XX. 4aArte modernoySiglo XXxTemas, motivos. 4aFigura humana en el arte. 4aArte modernozColombiaySiglo XXxTemas, motivos. 4aLibros electrónicos.40uhttps://elibro.net/ereader/politecnicointernacional/105334